000 00425nam a2200145 i 4500
001 94327
003 ES-MaACL
005 20230906181442.0
007 t|
008 050428s1911 sp ||||1| spa d
100 1 _aLópez-Trigo, José Tomás.
_974004
245 1 3 _aLa diazo-reacción
_b: tesis doctoral /
_cJosé Tomás López-Trigo.
260 _aValencia :
_bImp. de Aribau y Cía,
_c1911.
852 _aES-MaACL
_jT-1366-F-15
999 _c94327
_d94327